Sarojini Naidu : (Record no. 132730)

MARC details
000 -LEADER
fixed length control field 00710nam a22002417a 4500
003 - CONTROL NUMBER IDENTIFIER
control field 0
005 - DATE AND TIME OF LATEST TRANSACTION
control field 20180801161637.0
008 - FIXED-LENGTH DATA ELEMENTS--GENERAL INFORMATION
fixed length control field 0
010 ## - LIBRARY OF CONGRESS CONTROL NUMBER
LC control number A-903871
020 ## - INTERNATIONAL STANDARD BOOK NUMBER
Terms of availability 400.00
International Standard Book Number 8185107645
035 ## - SYSTEM CONTROL NUMBER
System control number A-903871, A-903875
037 ## - SOURCE OF ACQUISITION
Source of stock number/acquisition Cen Lib/Ret
040 ## - CATALOGING SOURCE
Original cataloging agency DPL
Language of cataloging EN
Transcribing agency 0
082 ## - DEWEY DECIMAL CLASSIFICATION NUMBER
Classification number 080
Item number SAR
245 ## - TITLE STATEMENT
Title Sarojini Naidu :
Statement of responsibility, etc selected, edited and introduced by Makarand Paranjpe
Remainder of title selected letters 1890s to 1940s /
260 ## - PUBLICATION, DISTRIBUTION, ETC. (IMPRINT)
Place of publication, distribution, etc New Delhi
Name of publisher, distributor, etc kali for Women
Date of publication, distribution, etc 1996
270 ## - ADDRESS
City New Delhi
Address B1/8 Hauz khas
Postal code 110016
300 ## - PHYSICAL DESCRIPTION
Extent xl,324p.
Dimensions 22cm(Hb)
500 ## - GENERAL NOTE
General note Includes index
650 ## - SUBJECT ADDED ENTRY--TOPICAL TERM
Topical term or geographic name as entry element Biography
9 (RLIN) 7490
700 ## - ADDED ENTRY--PERSONAL NAME
Personal name Paranjpe, Makarand
9 (RLIN) 101729
942 ## - ADDED ENTRY ELEMENTS (KOHA)
Source of classification or shelving scheme Dewey Decimal Classification
Koha item type English Books
Classification part 080
Call number suffix SAR
Holdings
Withdrawn status Lost status Damaged status Not for loan Home library Current library Date acquired Source of acquisition Cost, normal purchase price Total Checkouts Full call number Barcode Date last seen Date checked out Copy number Cost, replacement price Price effective from Koha item type Source of classification or shelving scheme Collection code
        Central Library Central Library 23/07/2015 Cen Lib/Ret 400.00 1 080 SAR A-903871 30/12/2018 24/12/2018 1 400.00 23/07/2015 English Books    
        Patel Nagar Patel Nagar 01/08/2018 BPPD/PUB 400.00   080 SAR A-903875 01/08/2018     400.00 01/08/2018 English Books Dewey Decimal Classification Non-fiction

© Delhi Public Library
Hit Counter
free hit counter